Châm cứu lâm sàng thực nghiệm nội - ngoại khoa
Tác phẩm liệt kê, mô tả 108 bệnh án của 108 bệnh khác nhau và phác đồ điều trị hữu hiệu bằng châm cứu
Spremljeno u:
| Format: | Knjiga |
|---|---|
| Jezik: | Undetermined |
| Izdano: |
Huế
Thuận Hóa
2000
|
| Teme: | |
| Oznake: |
Dodaj oznaku
Bez oznaka, Budi prvi tko označuje ovaj zapis!
|
| Thư viện lưu trữ: | Trung tâm Học liệu Trường Đại học Cần Thơ |
|---|
| LEADER | 00672nam a2200169Ia 4500 | ||
|---|---|---|---|
| 001 | CTU_38294 | ||
| 008 | 210402s9999 xx 000 0 und d | ||
| 082 | |a 615.892 | ||
| 082 | |b Qu105 | ||
| 245 | 0 | |a Châm cứu lâm sàng thực nghiệm nội - ngoại khoa | |
| 245 | 0 | |c Sun Xuê Quan; Dịch giả: Đoàn Xuân Dũng | |
| 260 | |a Huế | ||
| 260 | |b Thuận Hóa | ||
| 260 | |c 2000 | ||
| 520 | |a Tác phẩm liệt kê, mô tả 108 bệnh án của 108 bệnh khác nhau và phác đồ điều trị hữu hiệu bằng châm cứu | ||
| 650 | |a acupuncture | ||
| 980 | |a Trung tâm Học liệu Trường Đại học Cần Thơ | ||